Music Quiz

Random Music or Bands Quiz

Jethro Tull Band Members Quiz Stats

 Plays Quiz not verified by Sporcle

Also try: Vogue Celebrities
Challenge
Share
Tweet
Embed
Score 0/24 Timer 06:00
0 Plays Today
Years Member % Correct
1967 - presentIan Anderson
99.7%
1968 - presentMartin Barre
93.6%
1971 - 1976Jeffrey Hammond-Hammond
77.9%
1971 - 1980Barriemore Barlow
76.6%
1970 - 1980John Evan
74%
1967 - 1971Clive Bunker
72.4%
1967 - 1968Mick Abrahams
70.8%
1976 - 1979John Glascock
67.9%
1967 - 1970Glenn Cornick
64.4%
1979 - 1995Dave Pegg
62.8%
1976 - 1980; 1986Dee Palmer
62.5%
1984 - 1991; 1992 - presentDoane Perry
54.5%
Years Member % Correct
1980 - 1981Eddie Jobson
44.2%
1992 - 2007Andrew Giddings
39.4%
1995 - 2007Jonathan Noyce
34.9%
1980 - 1981Mark Craney
34.3%
1982 - 1984; 1986Peter-John Vettese
31.4%
1988 - 1991Maartin Allcock
30.8%
1981 - 1983Gerry Conway
30.4%
1992Dave Mattacks
29.8%
2007 - presentJohn O'Hara
26.9%
1987Don Airey
23.4%
2007 - presentDavid Goodier
23.1%
1983Paul Burgess
14.7%

You're not logged in!

Compare scores with friends on all Sporcle quizzes.
Join for Free
OR
Log In

You Might Also Like...

Show Comments

Extras

Top Quizzes Today


Score Distribution

Your Account Isn't Verified!

In order to create a playlist on Sporcle, you need to verify the email address you used during registration. Go to your Sporcle Settings to finish the process.

Report this User

Report this user for behavior that violates our Community Guidelines.

Details: